000 01356cam a2200313 a 4500
005 20260322212028.0
008 data
010 _a 2008009239
020 _a9781932690521 (trade paper : alk. paper)
020 _a1932690522 (trade paper : alk. paper)
040 _aDLC
_cDLC
_dDLC
050 0 0 _aRC569.5.A28
_bM394 2008
082 0 0 _a616.85/83690651
_222
092 _a616.85 M394 2008
100 1 _aMcKinnon, Margie,
_d1942-
245 1 0 _aRepair your life :
_ba program of recovery from incest & childhood sexual abuse /
_cMargie McKinnon.
250 _a1st ed.
260 _aAnn Arbor, MI. :
_bLoving Healing Press,
_cc2008.
300 _aix, 178 p. :
_bill. ;
_c23 cm.
490 0 _aNew horizons in therapy series
504 _aIncludes bibliographical references (p. [171]-174) and index.
650 0 _aAdult child sexual abuse victims
_xRehabilitation.
650 0 _aIncest victims
_xRehabilitation.
856 4 1 _3Table of contents only
_uhttp://www.loc.gov/catdir/toc/ecip0813/2008009239.html
906 _a7
_bcbc
_corignew
_d1
_eecip
_f20
_gy-gencatlg
925 0 _aacquire
_b2 shelf copies
_xpolicy default
955 _ejc15 2008-03-15 to Dewey
_fxj06 2009-02-06
_gxj06 2009-02-06 to BCCD (Telework)
001 data
999 _c632
_d632